[Event "Doroshkevich Memorial op"]
[Site "Sochi"]
[Date "2012.11.26"]
[Round "1"]
[White "Prizant, Jaroslav"]
[Black "Kudelya, Igor"]
[Result "1/2-1/2"]
[WhiteElo "2548"]
[BlackElo "2118"]
[PlyCount "62"]
[EventDate "2012.11.26"]
[EventType "swiss"]
[EventRounds "9"]
[EventCountry "RUS"]
[SourceTitle "EXT 2014"]
[Source "ChessBase"]
[SourceDate "2013.11.20"]
[SourceVersion "1"]
[SourceVersionDate "2013.11.20"]
[SourceQuality "1"]

1. d4 Nf6 2. c4 g6 3. g3 Bg7 4. Bg2 d5 5. cxd5 Nxd5 6. Nf3 0-0 7. 0-0 Nc6 8. Nc3 Nb6 9. e3 Re8 10. Re1 a5 11. Qe2 e5 12. dxe5 Nxe5 13. Nxe5 Bxe5 14. e4 Be6 15. f4 Bd4+ 16. Be3 Bxc3 17. bxc3 Bc4 18. Qb2 Ra6 19. Rad1 Qe7 20. e5 Rb8 21. Rd4 a4 22. Qd2 Be6 23. Bf1 Raa8 24. Rd1 Rc8 25. Qb2 a3 26. Qg2 Na4 27. c4 Nc5 28. Bf2 f5 29. exf6 Qxf6 30. f5 Bf7 31. Rf4 Qe5 1/2-1/2

[Event "EU-ch U14"]
[Site "Prague"]
[Date "2012.08.22"]
[Round "6"]
[White "Winiarski, Mikolaj"]
[Black "Kudelya, Igor"]
[Result "1-0"]
[WhiteElo "2031"]
[BlackElo "2120"]
[PlyCount "65"]
[EventDate "2012.08.17"]
[EventType "swiss"]
[EventRounds "9"]
[EventCountry "CZE"]
[SourceTitle "CBM 150 Extra"]
[Source "ChessBase"]
[SourceDate "2012.10.19"]
[SourceVersion "1"]
[SourceVersionDate "2012.10.19"]
[SourceQuality "1"]

1. d4 Nf6 2. c4 g6 3. f3 d5 4. cxd5 Nxd5 5. e4 Nb6 6. Be3 Bg7 7. Nc3 0-0 8. Qd2 Nc6 9. 0-0-0 f5 10. exf5 Bxf5 11. g4 Bd7 12. h4 Be8 13. h5 Nb4 14. Kb1 a5 15. Bh6 Qd6 16. Bxg7 Kxg7 17. Nh3 gxh5 18. Ng5 Bg6+ 19. Nce4 Qd5 20. b3 Rxf3 21. Nxf3 Qxe4+ 22. Kb2 Qxf3 23. Be2 Qd5 24. gxh5 Be4 25. Rh3 Kh8 26. Rg3 Rf8 27. Rdg1 Nc6 28. Qh6 Qxd4+ 29. Ka3 Qb4+ 30. Kb2 Qd4+ 31. Kc1 Qc5+ 32. Bc4 Qa3+ 33. Kd1 1-0

[Event "EU-ch U14"]
[Site "Prague"]
[Date "2012.08.21"]
[Round "5"]
[White "Kudelya, Igor"]
[Black "Sanal, Vahap"]
[Result "0-1"]
[WhiteElo "2120"]
[BlackElo "2387"]
[PlyCount "134"]
[EventDate "2012.08.17"]
[EventType "swiss"]
[EventRounds "9"]
[EventCountry "CZE"]
[SourceTitle "CBM 150 Extra"]
[Source "ChessBase"]
[SourceDate "2012.10.19"]
[SourceVersion "1"]
[SourceVersionDate "2012.10.19"]
[SourceQuality "1"]

1. e4 e6 2. d4 d5 3. Nd2 dxe4 4. Nxe4 Nf6 5. Nxf6+ gxf6 6. Nf3 Nc6 7. Bf4 Ne7 8. Qd2 Nd5 9. Bh6 Bxh6 10. Qxh6 Qe7 11. a3 Bd7 12. 0-0-0 0-0-0 13. Bd3 Bc6 14. Rhe1 Rhg8 15. Nh4 Qf8 16. Qxf8 Rgxf8 17. g3 h6 18. Be4 Rd6 19. f4 f5 20. Bh1 Rfd8 21. Nf3 Nf6 22. Ne5 Bxh1 23. Rxh1 Rf8 24. Rhe1 Ne4 25. Nc4 Rd7 26. Ne5 Rd5 27. Re2 h5 28. c3 c6 29. Kc2 Kd8 30. Rg1 Ke7 31. Nd3 Rg8 32. Nf2 Nf6 33. Nd1 Rd7 34. Ne3 Ne4 35. Rgg2 Rdd8 36. Nc4 Rg7 37. Nd2 Nf6 38. Nf3 Nd5 39. Rgf2 Rdg8 40. Re1 Rd8 41. Ree2 Nf6 42. Rg2 Nd7 43. Re1 Nf8 44. Nh4 Kf6 45. Rge2 Ng6 46. Nf3 h4 47. Ng5 Ke7 48. Rf2 Rgg8 49. Re3 Rh8 50. g4 Rd5 51. h3 Rg8 52. gxf5 Rxf5 53. Re4 Ke8 54. Kd3 Ne7 55. Ree2 Nd5 56. Ke4 Ke7 57. c4 Nf6+ 58. Ke3 Nh5 59. Ne4 Rg1 60. c5 Rh1 61. Rh2 Rf1 62. Ref2 Re1+ 63. Re2 Rxe2+ 64. Kxe2 Nxf4+ 65. Kd2 Nd5 66. Nd6 Rf3 67. Nxb7 Rb3 0-1

[Event "EU-ch U14"]
[Site "Prague"]
[Date "2012.08.18"]
[Round "2"]
[White "Kratochvil, Vit"]
[Black "Kudelya, Igor"]
[Result "0-1"]
[WhiteElo "1962"]
[BlackElo "2120"]
[PlyCount "92"]
[EventDate "2012.08.17"]
[EventType "swiss"]
[EventRounds "9"]
[EventCountry "CZE"]
[SourceTitle "CBM 150 Extra"]
[Source "ChessBase"]
[SourceDate "2012.10.19"]
[SourceVersion "1"]
[SourceVersionDate "2012.10.19"]
[SourceQuality "1"]

1. e4 c5 2. Nf3 Nc6 3. d3 g6 4. g3 Bg7 5. Bg2 e6 6. 0-0 Nge7 7. Re1 d5 8. Nbd2 b6 9. h4 h6 10. Qe2 Ba6 11. e5 Qc7 12. Nf1 Nd4 13. Nxd4 cxd4 14. Bf4 g5 15. hxg5 Ng6 16. Qd2 0-0-0 17. gxh6 Bxe5 18. Bxe5 Nxe5 19. a4 Kb8 20. b4 Bc8 21. b5 Ng6 22. a5 Rd6 23. Ra4 Qc5 24. Rea1 Bb7 25. axb6 axb6 26. Qc1 e5 27. R1a2 Kc7 28. Qa1 Rdd8 29. Ra7 Rb8 30. Qc1 f6 31. Nh2 Nf8 32. Ng4 Nd7 33. Rb2 Rbg8 34. Nh2 Rg6 35. Qa1 Rgxh6 36. Nf1 f5 37. Qa6 Rb8 38. Qa2 e4 39. dxe4 fxe4 40. Ra3 Ne5 41. Ra7 Rf6 42. Rb3 Nc4 43. Qa1 Rf7 44. Qe1 Rbf8 45. Qa1 Nd6 46. c3 d3 0-1